| 000 | 00632nam a2200241 a 4500 | ||
|---|---|---|---|
| 005 | 20140311163027.0 | ||
| 008 | 061129s19uu xx 00 eng d | ||
| 020 | _a9789712351006 | ||
| 050 |
_aG 155.A1 _b.C68 2008 |
||
| 100 | _aCruz, Zenaida L. | ||
| 245 |
_aPrinciples and ethics of tour guiding. _cZenaida Lansangan-Cruz. |
||
| 260 |
_aPhilippines : _bRex Book Store, _c2008. |
||
| 300 |
_a164 p. : _bill. ; _c22 cm. |
||
| 521 | _aTOU | ||
| 650 | _aTourist trade. | ||
| 650 | _aTravel. | ||
| 942 |
_cBK _2lcc _kLOC |
||
| 999 |
_c39579 _d39579 |
||